Legislacion procesal administrativa: Provincia de Buenos Aires y Nacion (10® edicin̤)

Detalles Bibliográficos
Formato: eBook
Lenguaje:español
Publicado: Ciudad Autn̤oma de Buenos Aires: Editorial Scotti Libros, 2014
Materias:
Acceso en línea:Acceso restringido

MARC

LEADER 00000nam a22000007a 4500
005 20140714211619.0
007 cr|||| ||||
008 140714s2014 ar |||||s|||| 00||0 spa d
020 |a 987-9086-48-1 
035 |a 12252 
040 |a vLex 
090 |c 5039  |d 5039 
245 0 0 |a Legislacion procesal administrativa:  |h [Recurso electrn̤ico] :  |b Provincia de Buenos Aires y Nacion (10® edicin̤) 
256 |a Servicio en ln̕ea 
260 |a Ciudad Autn̤oma de Buenos Aires:  |b Editorial Scotti Libros,  |c 2014 
300 |a 1 recurso electrn̤ico 
506 1 |a Disponible solo en los productos indicados  |d vLex Global  |d vLex Global (Academic Edition, excluding Law Schools)  |d vLex Global (U.S. Academic Edition, Law Schools)  |d vLex Global (U.S. Academic Edition, excluding Law Schools)  |d vLex Global (Academic Edition, Law Schools) 
650 0 4 |a Procedimiento Administrativo  |z Argentina 
740 0 |a vLex Libros (Servicio en ln̕ea) 
856 4 0 |u http://vlex.com/source/legislacion-procesal-administrativa-provincia-buenos-aires-nacion-10-edicion--12252  |z Acceso restringido 
942 |c BOOK 
999 0 |a Administrative Procedure